000 00396nam a2200121 4500
008 180209b xxu||||| |||| 00| 0 eng d
100 _926309
_aBuban, Charles E.
245 _aLeading patient experience strategy to the next level/
_cCharles E. Buban.
260 _aPhilippines:
_bPhilippine Daily Inquirer,
_cc2017.
300 _apage D4.
650 0 _926310
_aCustomer relations.
942 _2ddc
_cPER
999 _c8527
_d8527